| 000 | 00583nam a2200241 a 4500 | ||
|---|---|---|---|
| 001 | 0001-1252 | ||
| 003 | ELIB.Books | ||
| 008 | 150611 2010 eng | ||
| 020 | _aKBTS | ||
| 035 | _a(ELIB.Books)0001-1407 | ||
| 092 |
_a234.1 _bCro |
||
| 100 | _aCrowder, Bill. | ||
| 245 | _aWindows On Easter | ||
| 260 |
_aGrand Rapids _bDiscovery House _c2010 |
||
| 300 |
_a124 _c18 Cm |
||
| 500 | _aC/o Moe Lwei | ||
| 650 | _aSalvation | ||
| 856 |
_nKBTS: Library _uKBTS: Elib |
||
| 942 |
_2ddc _cBK |
||
| 990 | _a1 | ||
| 998 |
_cbat _e2015-06-11 |
||
| 999 |
_c11252 _d11252 |
||